书目信息 |
| 题名: |
教育心理学简编
|
|
| 作者: | 桑代克 著 ;张奇 译校 | |
| 分册: | ||
| 出版信息: | 北京 中国人民大学出版社 2015 |
|
| 页数: | 319页 | |
| 开本: | 23cm | |
| 丛书名: | 西方心理学大师经典译丛 | |
| 单 册: | ||
| 中图分类: | G441 | |
| 科图分类: | ||
| 主题词: | 教育心理学--jiao yu xin li xue | |
| 电子资源: | ||
| ISBN: | 978-7-300-20299-0 | |
| 000 | 01368nam0 22002771 450 | |
| 001 | 0102164856 | |
| 005 | 20170502164856.0 | |
| 010 | @a978-7-300-20299-0@dCNY45.00 | |
| 100 | @a20150303d2015 em y0chiy50 ea | |
| 101 | 1 | @achi@ceng |
| 102 | @aCN@b110000 | |
| 105 | @aa z 000yy | |
| 106 | @ar | |
| 200 | 1 | @a教育心理学简编@9jiao yu xin li xue jian bian@dEducational psychology: briefer course@f(美)爱德华·桑代克(Edward Lee Thorndike)著@g张奇译校@zeng |
| 210 | @a北京@c中国人民大学出版社@d2015 | |
| 215 | @a319页@c图@d23cm | |
| 225 | 2 | @a西方心理学大师经典译丛@9xi fang xin li xue da shi jing dian yi cong@f郭本禹主编@h第一辑 |
| 330 | @a本书共三卷27章,分别阐述了人类本性、学习心理、个体差异及其成因。作者阐述了人的本性——“人当生命之初,即当父精与母卵结合为人时,就已经具备了无数确定将来行为的原始倾向”,亦即“情境”与“反应”的“联结”;系统论述了学习定律的普适性,解释了练习成绩的变化及其原因,指出了心理疲劳的原因和心理卫生的措施;讨论了遗传、成熟、环境和教育对个体差异的影响。 | |
| 461 | 0 | @12001 @a西方心理学大师经典译丛 |
| 510 | 1 | @aEducational psychology: briefer course@zeng |
| 606 | 0 | @a教育心理学@9jiao yu xin li xue |
| 690 | @aG441@v5 | |
| 701 | 0 | @c(美)@a桑代克@9sang dai ke@c(Thorndike, Edward Lee@f1874~1949)@4著 |
| 702 | 0 | @a张奇@9zhang qi@c(心理学)@4译校 |
| 801 | 0 | @aCN@b百万庄@c20170308 |
| 905 | @b1002136-41@dG441@e271@f6 | |
| 教育心理学简编=Educational psychology: briefer course/(美)爱德华·桑代克(Edward Lee Thorndike)著/张奇译校.-北京:中国人民大学出版社,2015 |
| 319页:图;23cm.-(西方心理学大师经典译丛/郭本禹主编.第一辑) |
| ISBN 978-7-300-20299-0:CNY45.00 |
| 本书共三卷27章,分别阐述了人类本性、学习心理、个体差异及其成因。作者阐述了人的本性——“人当生命之初,即当父精与母卵结合为人时,就已经具备了无数确定将来行为的原始倾向”,亦即“情境”与“反应”的“联结”;系统论述了学习定律的普适性,解释了练习成绩的变化及其原因,指出了心理疲劳的原因和心理卫生的措施;讨论了遗传、成熟、环境和教育对个体差异的影响。 |
| ● |
| 相关链接 |
|
|
|
|
正题名:教育心理学简编
索取号:G441/271
 
预约/预借
| 序号 | 登录号 | 条形码 | 馆藏地/架位号 | 状态 | 备注 |
| 1 | 1002136 | 210021368 | 第一样本阅览室/ [索取号:G441/271] | 在馆 | |
| 2 | 1002137 | 210021377 | 教育系资料室/ [索取号:G441/271] | 在馆 | |
| 3 | 1002138 | 210021386 | 教育系资料室/ [索取号:G441/271] | 在馆 | |
| 4 | 1002139 | 210021395 | 教育系资料室/ [索取号:G441/271] | 在馆 | |
| 5 | 1002140 | 210021402 | 第四借阅区/ [索取号:G441/271] | 在馆 | |
| 6 | 1002141 | 210021411 | 第四借阅区/ [索取号:G441/271] | 在馆 |